| 000 | 00787nam a2200205 i 4500 | ||
|---|---|---|---|
| 001 | 172021 | ||
| 003 | ES-MaACL | ||
| 005 | 20230906214808.0 | ||
| 008 | 090610q1960 fr |||| | fre d | ||
| 080 | _a782.1 | ||
| 100 | 1 |
_aVanloo, Albert. _9137968 |
|
| 245 | 1 | 0 |
_aVéronique _b: opéra-comique en trois actes / _cparoles de Albert Vanloo & Georges Duval ; musique de André Messager. |
| 260 |
_aParis : _bLibrairie Théâtrale, _c[ca. 1960] ( _fRolland Père et Fils) |
||
| 300 |
_a132 p. ; _c18 cm. |
||
| 595 | _aReprod. de la ed. de: Paris : Librairie Théâtrale, 1903. | ||
| 650 | 4 |
_aÓperas- _vLibretos. _9137584 |
|
| 700 | 1 |
_aDuval, Georges ( _d1772-1853) _946374 |
|
| 700 | 1 |
_aMessager, André. _9137967 |
|
| 852 | 4 |
_aES-MaACL _jE-12696 _z- Biblioteca Jacinto Martínez Lacalle |
|
| 999 |
_c172021 _d172021 |
||